| 000 | 01337cad a22002535a 4500 | ||
|---|---|---|---|
| 001 | E147800 | ||
| 008 | 090619s2009 xxk f s000 0 eng d | ||
| 020 | _a9780755990221 | ||
| 035 | _a(Sirsi) u147800 | ||
| 041 | 0 | _aeng | |
| 050 | 0 | 4 | _a630.0269411 $2 18 |
| 110 | 2 |
_aScotland _bScottish Government _95344 |
|
| 245 | 0 | 0 |
_aCrofting community right to buy under Part 3 of the Land Reform (Scotland) Act 2003 _h[electronic resource] |
| 260 |
_aEdinburgh _bScottish Government _c2009 |
||
| 505 | 2 | _aIntroduction -- Section 1: guidance for Crofting Community Bodies (CCBs) -- Section 2: guidance for landowners and heritable creditors -- Section 3: guidance for third parties -- Annexes | |
| 520 | _aOffers guidance for crofting communities thinking about acquiring land under the right to buy provisions contained in the Land Reform (Scotland) Act 2003 Part 3. Also provides advice for landowners who may be affected by such a right to buy application, and others who may be involved. | ||
| 521 | _aIntroductory | ||
| 590 | _aKA | ||
| 650 | 2 | 4 | _aLAND REFORM (SCOTLAND) ACT 2003 |
| 651 | 4 |
_aScotland _y1999- |
|
| 690 | _aENVIRONMENTAL AND LAND CONSULTANCY-AGRIBUSINESS-AGRICULTURE | ||
| 856 | 4 | 0 |
_uhttps://www.scotland.gov.uk/Publications/2009/06/10150129/0 _zView the guidance free of charge at www.scotland.gov.uk... |
| 942 | _n0 | ||
| 999 |
_c109725 _d109725 |
||